|
|
|
|
| LEADER |
01184nam a2200325 a 4500 |
| 001 |
728697 |
| 008 |
110324s2010 njua b 001 0 eng |
| 010 |
|
|
|a 98050398
|
| 020 |
|
|
|a 0131988425
|
| 020 |
|
|
|a 9780131988422
|
| 020 |
|
|
|a 0137549202
|
| 040 |
|
|
|a DLC
|c DLC
|d DLC
|d BD-DhAAL
|
| 042 |
|
|
|a pcc
|
| 050 |
0 |
0 |
|a TK5102.9
|b .O67 1999
|
| 082 |
0 |
0 |
|a 621.382/2
|2 21
|
| 100 |
1 |
|
|a Oppenheim, Alan V.,
|d 1937-
|
| 245 |
1 |
0 |
|a Discrete-time signal processing /
|c Alan V. Oppenheim, Ronald W. Schafer
|
| 250 |
|
|
|a 3rd ed.
|
| 260 |
|
|
|a Upper Saddle River, N.J. :
|b Pearson/Prentice Hall,
|c c2010.
|
| 300 |
|
|
|a xxviii, 1108 p. :
|b ill. ;
|c 25 cm.
|
| 490 |
0 |
|
|a Prentice-Hall signal processing series.
|
| 504 |
|
|
|a Includes bibliographical references and index.
|
| 541 |
1 |
|
|e 00022230
|
| 650 |
|
0 |
|a Signal processing
|x Mathematics.
|
| 650 |
|
0 |
|a Discrete-time systems.
|
| 700 |
1 |
|
|a Schafer, Ronald W.,
|d 1938-
|
| 852 |
|
|
|a Ayesha Abed Library
|c General Shelf.
|
| 942 |
0 |
0 |
|0 2
|
| 999 |
|
|
|c 10577
|d 10577
|
| 952 |
|
|
|0 0
|1 0
|2 ddc
|4 0
|6 621_382200000000000_OPP
|7 0
|9 15862
|a BRACUL
|b BRACUL
|c GEN
|d 2011-03-27
|e Parama
|g 11492.00
|l 15
|m 129
|o 621.3822 OPP
|p 3010022230
|r 2025-05-24
|s 2025-02-12
|t 1
|w 2011-03-27
|y BK
|